Doom and gloom not as apparent in central and eastern Europe. (Record no. 80699)

MARC details
000 -LEADER
fixed length control field 00686cab a22002055a 4500
001 - CONTROL NUMBER
control field L145104
008 - FIXED-LENGTH DATA ELEMENTS--GENERAL INFORMATION
fixed length control field 080903s2008 xxk 000 0 eng d
035 ## - SYSTEM CONTROL NUMBER
System control number (Sirsi) u145104
041 0# - LANGUAGE CODE
Language code of text/sound track or separate title eng
110 2# - MAIN ENTRY--CORPORATE NAME
Corporate name or jurisdiction name as entry element EuroProperty
9 (RLIN) 1216
245 00 - TITLE STATEMENT
Title Doom and gloom not as apparent in central and eastern Europe.
490 ## - SERIES STATEMENT
Series statement EuroProperty
Volume/sequential designation 1 September 2008, 10-11(2)
520 ## - SUMMARY, ETC.
Summary, etc. The commercial property market in Central and Eastern Europe (CEE) will be resilient for the near future.
590 ## - LOCAL NOTE (RLIN)
Local note KA
650 24 - SUBJECT ADDED ENTRY--TOPICAL TERM
Topical term or geographic name entry element EUROPEAN COMMERCIAL PROPERTY COMMENTARY
651 #4 - SUBJECT ADDED ENTRY--GEOGRAPHIC NAME
Geographic name Poland
651 #4 - SUBJECT ADDED ENTRY--GEOGRAPHIC NAME
Geographic name Bulgaria
690 ## - LOCAL SUBJECT ADDED ENTRY--TOPICAL TERM (OCLC, RLIN)
Topical term or geographic name as entry element PROPERTY-COMMERCIAL PROPERTY-COMMERCIAL PROPERTY MARKET
942 ## - ADDED ENTRY ELEMENTS (KOHA)
Suppress in OPAC 0
Holdings
Withdrawn status Lost status Source of classification or shelving scheme Damaged status Not for loan Home library Current library Shelving location Date acquired Total Checkouts Full call number Barcode Date last seen Copy number Price effective from Koha item type
    Dewey Decimal Classification     London London Journal article 08/09/2008   L145104 145104-1001 06/08/2019 1 06/08/2019 Journal article